000 00544nam a2200229Ia 4500
003 OSt
005 20220924135621.0
006 a|||||r|||| 00| 0
007 ta
008 220923b |||||||| |||| 00| 0 ben d
024 _a291899
037 _cTextual
040 _aARTS
_cARTS
_bben
041 _2ben
_aben
082 _aO157,1M60,5, D6;J5
100 _aBaral
245 0 _aEsha
260 _c1955
650 _aBENGALI LITERATURE
942 _hO157,1M60,5, D6;J5
_cTEXL
_2CC
999 _c441358
_d441358